banner koha

Plantacao de cafezal em contornos [Erosao do solo; Coffea arabica; Brasil] (Registro n. 305622)

MARC details
000 -LÍDER
campo de controle de tamanho fixo 01247naa a22002777a 4500
001 - NÚMERO DE CONTROLE
campo de controle BR7405271
003 - IDENTIFICADOR DO NÚMERO DE CONTROLE
campo de controle BR-BrBNA
005 - DATA E HORÁRIO DA ÚLTIMA TRANSAÇÃO
campo de controle 20240918173606.0
007 - CAMPO FIXO DE DESCRIÇÃO FÍSICA--INFORMAÇÃO GERAL
campo de controle de tamanho fixo ta
008 - CAMPO DE DADOS FIXOS--INFORMAÇÃO GERAL
campo de controle de tamanho fixo 230509b bl.||||| |||| 00| 0 por d
040 ## - FONTE DA CATALOGAÇÃO
Instituição da catalogação original BR-BrBNA
Idioma da catalogação por
Instituição que transcreveu o registro Biblioteca Nacional de Agricultura
041 ## - CÓDIGO DE IDIOMA
Código do idioma do texto/trilha sonora ou título diferente (Pt)
072 ## - CÓDIGO DE CATEGORIA DE ASSUNTO
Código de Categoria de Assunto F28
Código do objeto 2120
-- G514
090 ## - NÚMERO DE CHAMADA LOCAL
Número de chamada F28 BR7405271
100 1# - ENTRADA PRINCIPAL--NOME PESSOAL
Nome pessoal Chebabi, A.
111 1# - ENTRADA PRINCIPAL--NOME DO EVENTO
Nome do evento ou lugar Mesas Redondas de Algodao, do Cafe e da Conservacao do Solo
Local do evento Sao Paulo, SP (Brazil)
Data do evento ou assinatura do tratado 1948
245 1# - TÍTULO
Título Plantacao de cafezal em contornos [Erosao do solo; Coffea arabica; Brasil]
260 3# - PUBLICAÇÃO, DISTRIBUIÇÃO, ETC.
Local de publicação, distribuição, etc. Sao Paulo, SP (Brasil):
Data da publicação, distribuição, etc. 1950.
500 ## - NOTA GERAL
Nota geral Anais das Mesas Redondas do Algodao, do Cafe e da Conservacao do Solo; organizadas sob os auspicios do Instituto de Economia Rural 1948-1949. Teses apresentadas<br/>Sao Paulo, SP (Brasil): 1950. p. 167-181<br/>(BR7405271-AM)F28<br/>
650 ## - ASSUNTO--TERMO TÓPICO
Cabeçalho tópico ou nome geográfico EROSAO DO SOLO
650 ## - ASSUNTO--TERMO TÓPICO
Cabeçalho tópico ou nome geográfico CAFE
650 ## - ASSUNTO--TERMO TÓPICO
Cabeçalho tópico ou nome geográfico CORDAO EM CONTORNO
773 0# - ENTRADA ANALÍTICA
Título Anais das Mesas Redondas do Algodao, do Cafe e da Conservacao do Solo; organizadas sob os auspicios do Instituto de Economia Rural 1948-1949. Teses apresentadas
Edição
Número de controle do registro F28 BR7405271
Partes relacionadas Sao Paulo, SP (Brasil), 1950. p. 167-181
909 ## -
-- 202404
-- Lucia
-- 55
-- Lucia Elande
942 ## - ELEMENTOS DE ENTRADA ADICIONADOS (KOHA)
Tipo de material Koha Capítulo-Livro
Fonte da classificação ou esquema de arquivamento na estante Classificação AGRIS
Exemplares
Situação do descarte Fonte da classificação ou esquema de arquivamento na estante Situação física Não pode ser emprestado Coleção Biblioteca de origem Biblioteca atual Localização na estante Total de empréstimos Número de telefone completo Data de último acesso Número do exemplar Tipo de material Koha Situação das perdas Data de aquisição Fonte de aquisição
  Classificação AGRIS       Biblioteca Nacional de Agricultura - Binagri Biblioteca Nacional de Agricultura - Binagri Agrobase - Acervo Geral   0430 BR7401011 20/05/2024 01 Capítulo-Livro   2024-04-11 Portaria Interministerial nº 164/94

BINAGRI

Telefone: (61)3218-2567/2388/3357/2097 - binagri@agro.gov.br

Ministério da Agricultura e Pecuária , Esplanada dos Ministérios, Bloco D, Anexo B, Brasília/DF, CEP: 70.043-900